|
|
|
|
| LEADER |
00712cam a2200169 7i4500 |
| 001 |
0000136890 |
| 005 |
20100217090000.0 |
| 002 |
0000001958 |
| 090 |
0 |
0 |
|a LP 10 FST 2 2005
|
| 100 |
0 |
# |
|a Chung Wun Nei
|
| 245 |
1 |
0 |
|a Distribution of nitrogen and phosphorus in setiu lagoon, Terengganu, South China Sea
|c Chung Wun Nei.
|
| 260 |
# |
# |
|a Terengganu:
|b Kolej Universiti Sains dan Teknologi Malaysia,
|c 2005.
|
| 300 |
|
|
|a xiv, 107 p.:
|b col.ill.;
|c 30 cm..
|
| 502 |
# |
# |
|a Project Report FST (Degree of Bachelor of Science - Marine Biology) 2005
|
| 520 |
3 |
# |
|a Twelve sampling stations established from previous study were used in this study
|
| 602 |
# |
# |
|a Laporan Projek FST 2005
|
| 999 |
|
|
|a 1100034621
|b Book
|c LAPORAN PROJEK
|e KOLEKSI KHAS
|